000 00543nam a2200217Ia 4500
003 OSt
005 20220924133250.0
006 a|||||r|||| 00| 0
007 ta
008 220923b |||||||| |||| 00| 0 san d
024 _a262736
037 _cTextual
040 _aARTS
_cARTS
_bsan
041 _2san
_asan
082 _aDelta28xJ32,1, 152M2
100 _aGoswami Jiva
245 0 _aBhakti sandarbha
260 _c1982
942 _hDelta28xJ32,1, 152M2
_cTEXL
_2CC
999 _c433170
_d433170